| 000 | 01613cad a22002175a 4500 | ||
|---|---|---|---|
| 001 | L148960 | ||
| 008 | 091207e20091020xxk f v 000 0 eng d | ||
| 035 | _a(Sirsi) u148960 | ||
| 041 | 0 | _aeng | |
| 245 | 0 | 0 |
_aBirmingham City Council v Qasim and others _h[electronic resource] |
| 260 | _c2009 | ||
| 520 | _a[2009] EWCA Civ 1080, 20 October 2009. The case relates to the grant of accommodation to tenants by a local authority officer in without regard to the local authority's allocation scheme. A local officer granted tenancy of empty properties to several persons without respecting the local authority's application scheme procedure. This local authority, Birmingham City Council (B), claimed possession on ground of void tenancy. The possession claim was dismissed by the judge of the county court. B appealed the case. "Held": application dismissed. The allocation of an assured tenancy and the grant of such a tenancy are two different concepts. So if a local authority granted a tenancy to a tenant to whom accommodation had been allocated without respecting the local authority's allocation scheme, the tenancy is not thereby rendered void or ineffective. | ||
| 590 | _aKA | ||
| 650 | 2 | 4 | _aBIRMINGHAM CITY COUNCIL V QASIM AND OTHERS |
| 650 | 2 | 4 | _aHOUSING ACT 1996 PART VI |
| 650 | 2 | 4 | _aISLINGTON LBC V UCKAC |
| 651 | 4 |
_aEngland and Wales _y1543- |
|
| 690 | _aPROPERTY-RESIDENTIAL PROPERTY-RESIDENTIAL LANDLORD AND TENANT-RESIDENTIAL TENANCIES-ASSURED TENANCIES | ||
| 856 | 4 | 0 |
_uhttps://www.bailii.org/ew/cases/EWCA/Civ/2009/1080.html _zView the case free of charge at www.bailli.org... |
| 942 | _n0 | ||
| 999 |
_c82009 _d82009 |
||